000 00342nam a22001337a 4500
005 20250901165805.0
008 250320b |||||||| |||| 00| 0 eng d
020 _a9789966497512
050 _aPL 8704 .W36 2016
245 _aWingu la kupita
_cK. W. Wamitila
260 _aNairobi:
_bLonghorn,
_c2016.
300 _a75 p.:
_c18 cm.
942 _2lcc
999 _c9283
_d9283